| 000 | 00390nam a22001457a 4500 | ||
|---|---|---|---|
| 008 | 250513b |||||||| |||| 00| 0 eng d | ||
| 020 | _a9781529433739 | ||
| 050 |
_aPT7511 _b.L39 |
||
| 100 | _aGudmunson Halldor | ||
| 245 |
_aThe Islander _bA Biography of Halldor Laxness |
||
| 260 |
_aLondon _bMaclehose Press _c2008 |
||
| 300 | _a486p. | ||
| 650 | _aHalldor Laxness, 1902-1998 | ||
| 942 | _cBK | ||
| 999 |
_c3436 _d3436 |
||